[Event "75th ch-RUS w 2025"]
[Site "Moscow RUS"]
[Date "2025.10.12"]
[Round "11.6"]
[White "Shuvalova, Polina"]
[Black "Potapova, Margarita"]
[Result "1-0"]
[WhiteTitle "IM"]
[BlackTitle "WIM"]
[WhiteElo "2479"]
[BlackElo "2275"]
[WhiteFideId "24171760"]
[BlackFideId "14126869"]
[EventDate "2025.10.01"]

1. e4 c6 2. Nf3 d5 3. Nc3 dxe4 4. Nxe4 Nf6 5. Qe2 Na6 6. Nxf6+ gxf6 7. a3 Qa5 8.
Rb1 Bg4 9. h3 Qh5 10. b4 Bxf3 11. Qxf3 Qxf3 12. gxf3 Nc7 13. Rg1 Bh6 14. b5 c5
15. b6 axb6 16. Rxb6 O-O-O 17. Bd3 Ne6 18. Be4 Rd7 19. Bf5 Kc7 20. Bxe6 Rd4 21.
Rb5 Kc6 22. c3 Kxb5 23. cxd4 fxe6 24. dxc5 Rc8 25. Rg4 Rxc5 26. Bb2 Rc4 27. Rg8
Rh4 28. Re8 e5 29. Rxe7 b6 30. Ke2 Bg5 31. Bxe5 fxe5 32. Rxe5+ Ka4 33. Rxg5 Kxa3
34. Ke3 Rxh3 35. d4 Rh1 36. Rb5 Rh6 37. d5 Ka4 38. Rb1 b5 39. f4 b4 40. Kd4 Rh4
41. Ke5 Rh3 42. Rd1 b3 43. d6 b2 44. d7 Rd3 45. Rxd3 1-0